000 00947nam a22002777a 4500
005 20260222222713.0
008 260222b |||||||| |||| 00| 0 spa d
040 _aCO-BoESAP
_bspa
_cCO-BoESAP
100 1 _aRoa Suárez, Hernando,
_d1939-
_9119
_eautor
245 1 3 _aLa ESAP y la modernización del Estado /
_cHernando Roa Suárez.
300 _apáginas 259-288
504 _aBibliografía : página 288.
526 _a104436
526 _a1697
526 _a19790
526 _a51868
526 _a102619
526 _a5144
610 2 7 _aEscuela Superior de Administración Pública (Bogotá)
_2LEMB
_9218587
_xHistoria
650 1 7 _aModernización del Estado
_9219956
_2LEMB
_zColombia
650 2 7 _aReforma del Estado
_92349
_2LEMB
_zColombia
650 2 7 _aParticipación política
_93695
_2LEMB
_zColombia
650 2 4 _aEducación superior y Estado
_9222551
_zColombia
773 _tTemas políticos contemporáneos
942 _2cl
_cCHAP
999 _c175247
_d175247